Normal view MARC view

Entry Meeting Name

Number of records used in: 1

001 - CONTROL NUMBER

  • control field: 15116

003 - CONTROL NUMBER IDENTIFIER

  • control field: OSt

005 - DATE AND TIME OF LATEST TRANSACTION

  • control field: 20211105133900.0

008 - FIXED-LENGTH DATA ELEMENTS

  • fixed length control field: 211105|| aca||aabn | a|a d

040 ## - CATALOGING SOURCE

  • Original cataloging agency: OSt
  • Transcribing agency: OSt

111 ## - HEADING--MEETING NAME

  • Meeting name or jurisdiction name as entry element: Workshop in Honour of Professor Wasaburo Unno's 60th Birthday
  • Location of meeting: Hotel Komaba Eminence
  • Date of meeting or treaty signing: 1986 Feb. 25-28

670 ## - SOURCE DATA FOUND

  • Source citation: Work cat.: (OSt): Workshop in Honour of Professor Wasaburo Unno's 60th Birthday Hotel Komaba Eminence 1986 Feb. 25-28, Hydrodynamic and magnetohydrodynamic problems in the sun and Stars, 1986

Powered by Koha